[Event "35th European Club Cup 2019"]
[Site "Ulcinj"]
[Date "2019.11.10"]
[Round "1.13"]
[White "Indjic, Aleksandar"]
[Black "Vedder, Henk"]
[Result "1-0"]
[WhiteElo "2646"]
[BlackElo "2342"]
[Annotator "TA"]
[PlyCount "34"]
[EventDate "2019.11.10"]
[EventType "team-tourn"]
[EventCountry "MNE"]
[SourceTitle "playchess.com"]
[Source "ChessBase"]
[SourceQuality "1"]
[WhiteTeam "Itaka"]
[BlackTeam "En Passant"]

{[%evp 11,34,14,14,5,35,21,71,7,14,11,38,24,56,43,67,78,75,-38,-52,-41,-38,-43,-38,0,47]} 1. Nf3 Nf6 2. g3 d5 3. Bg2 e6 4. O-O Be7 5. d3 b5 6. Nbd2 Bb7 7. a4 {A05: Réti Opening: 1 Nf3 Nf6} (7. e4 c5 8. exd5 Nxd5 9. Ne5 Qc7 10. Nxf7 O-O 11. c4 Rxf7 12. cxd5 exd5 13. Nf3 Nc6 14. Bg5 Raf8 15. Bxe7 Qxe7 16. Rc1 {½-½ (16) Nisipeanu,L (2671)-Moroni,L (2530) Zuerich 2017}) 7... bxa4 $146 ({Predecessor:} 7... b4 8. e4 c5 9. exd5 Nxd5 10. Nc4 Nc6 11. Re1 O-O 12. h4 Qc7 13. Bg5 Rad8 14. Qe2 {½-½ (14) Matsenko,S (2550)-Ider,B (2515) Dallas 2017}) 8. Rxa4 Nbd7 9. e4 (9. Nb3 $16) 9... Nc5 $11 10. Rd4 O-O 11. Re1 (11. Nc4 $5) 11... Nfd7 12. b4 Na4 13. c4 $1 c5 14. Qxa4 ({White must play} 14. bxc5 $16 Naxc5 15. cxd5) 14... cxd4 $15 15. exd5 a5 16. dxe6 fxe6 17. b5 Bd6 {Accuracy: White = 47%, Black = 56%.} (17... Nc5 $5 {[%cal Rc5a4]} 18. Qc2 a4 $11) 1-0

[Event "35th European Club Cup 2019"]
[Site "Ulcinj"]
[Date "2019.11.10"]
[Round "1.13"]
[White "Kalezic, Blazo"]
[Black "Vidit, Santosh Gujrathi"]
[Result "0-1"]
[WhiteElo "2455"]
[BlackElo "2722"]
[Annotator "TA"]
[PlyCount "84"]
[EventDate "2019.11.10"]
[EventType "team-tourn"]
[EventCountry "MNE"]
[SourceTitle "playchess.com"]
[Source "ChessBase"]
[SourceQuality "1"]
[WhiteTeam "Buducnost"]
[BlackTeam "Novy Bor"]

{[%evp 14,84,36,19,16,20,65,62,58,44,87,68,79,66,79,12,0,0,0,0,0,0,0,0,0,-91,-65,-78,-74,-62,-58,-78,-64,-173,-170,-154,-121,-175,-168,-164,-126,-154,-140,-140,-125,-138,-95,-222,-217,-191,-184,-662,-712,-2238,-2979,-2211,-511,-523,-4029,-1864,-1445,-1303,-515,-465,-478,-651,-692,-668,-660,-626,-602,-524,-502]} 1. e4 c5 2. Nf3 d6 3. d4 cxd4 4. Nxd4 Nf6 5. Nc3 a6 6. h3 e6 7. g4 h6 8. Bg2 Be7 {B81: Sicilian Scheveningen: Keres Attack} 9. Be3 (9. Qd3 Nc6 10. Nxc6 bxc6 11. e5 Nd5 12. exd6 Bxd6 13. Ne4 Bc7 14. c4 Nf4 15. Qxd8+ Kxd8 16. Kf1 {½-½ (45) Nepomniachtchi,I (2775)-Wojtaszek,R (2737) Dortmund 2019}) 9... g5 10. Qe2 Nbd7 {White is slightly better.} 11. O-O-O Qc7 12. h4 Rg8 $1 13. hxg5 hxg5 14. Kb1 $146 (14. f4 $16 gxf4 15. Bxf4) ({Predecessor:} 14. Rh3 Ne5 15. Rdh1 Nfxg4 16. Rh8 Kf8 {1-0 (33) Gruzmann,B (2308)-Becker,A Willingen 2001}) 14... Ne5 $11 15. f3 b5 16. Qf2 b4 17. Nce2 Bb7 18. Ng3 d5 19. exd5 (19. Nb3 $11) 19... Nxd5 $17 20. Ne4 Nxe3 21. Qxe3 O-O-O 22. Nb3 Kb8 23. Rhe1 (23. Nec5 $15 Nc4 24. Qf2) 23... Rxd1+ $19 24. Rxd1 Rc8 25. Qe2 (25. Nd4 $17 {is a better defense.}) 25... a5 {[%cal Ba6a5,Ba5a4,Ba4a3][%mdl 32]} 26. Nd4 Rd8 27. Nb5 Rxd1+ 28. Qxd1 Qb6 $40 {[%mdl 128] White is in trouble.} 29. Bf1 a4 30. Be2 {[#]} (30. Qe2 $17 {was called for.}) 30... Nxf3 $1 {[%mdl 512]} 31. Nbd6 (31. Bxf3 Qxb5) 31... Bxd6 32. Bxf3 $2 (32. Nxd6 Ne5 33. Nxb7 Kxb7 34. Qc1) 32... Bf4 {Black is clearly winning.} 33. c4 bxc3 34. Nxc3 a3 {[%csl Ga3][%cal Rb6b2] [#]} 35. Na4 Bxf3 36. Qxf3 Qb4 37. Qd1 Bd6 (37... Qe4+ $142 38. Ka1 Kc7) 38. Qd3 Kc7 39. b3 Qxg4 40. Nc3 Qg1+ 41. Kc2 {intending Nb5+.} Qc5 42. Kd1 f5 {Accuracy: White = 37%, Black = 79%.} 0-1

[Event "35th European Club Cup 2019"]
[Site "Ulcinj"]
[Date "2019.11.10"]
[Round "1.13"]
[White "Cirovic, Miroljub"]
[Black "Efimenko, Zahar"]
[Result "0-1"]
[WhiteElo "2241"]
[BlackElo "2601"]
[Annotator "ChessBase"]
[PlyCount "82"]
[EventDate "2019.11.10"]
[EventType "team-tourn"]
[EventCountry "MNE"]
[SourceTitle "playchess.com"]
[Source "ChessBase"]
[SourceQuality "1"]
[WhiteTeam "Rudar"]
[BlackTeam "Beer Sheva"]
[TimeControl "40/5400+30:1800+30"]

1. d4 {[%emt 0:00:00]} d6 {[%emt 0:00:12]} 2. e4 {[%emt 0:00:15]} g6 {[%emt 0:00:19]} 3. Nc3 {[%emt 0:00:21]} Nf6 {[%emt 0:00:16]} 4. h3 {[%emt 0:03:25]} Bg7 {[%emt 0:08:15]} 5. Be3 {[%emt 0:00:41]} c6 {[%emt 0:01:31]} 6. g3 {[%emt 0:02:40]} O-O {[%emt 0:04:02]} 7. Bg2 {[%emt 0:00:08]} e5 {[%emt 0:01:41]} 8. Nge2 {[%emt 0:01:26]} b5 {[%emt 0:04:29]} 9. a3 {[%emt 0:00:17]} Nbd7 {[%emt 0:03:30]} 10. O-O {[%emt 0:00:43]} Bb7 {[%emt 0:05:22]} 11. Qd2 {[%emt 0:02:27]} a6 {[%emt 0:08:41]} 12. Rad1 {[%emt 0:04:14]} Qc7 {[%emt 0:10:37]} 13. dxe5 {[%emt 0:07:38]} dxe5 {[%emt 0:01:10]} 14. Bh6 {[%emt 0:01:30]} a5 {[%emt 0:11:42]} 15. Bxg7 {[%emt 0:02:15]} Kxg7 {[%emt 0:00:05]} 16. g4 {[%emt 0:03:13]} Rad8 {[%emt 0:05:36]} 17. Ng3 {[%emt 0:01:48]} h6 {[%emt 0:02:45]} 18. g5 {[%emt 0:00:43]} hxg5 {[%emt 0:02:41]} 19. Qxg5 {[%emt 0:05:23]} Nh7 {[%emt 0:00:03]} 20. Qc1 {[%emt 0:02:34]} b4 {[%emt 0:01:05]} 21. axb4 {[%emt 0:00:06]} axb4 {[%emt 0:00:02]} 22. Nce2 {[%emt 0:00:09]} Ba6 {[%emt 0:00:34]} 23. Rd2 {[%emt 0:03:04]} Nc5 {[%emt 0:01:14]} 24. Rfd1 {[%emt 0:02:51]} Ne6 {[%emt 0:02:32]} 25. c3 {[%emt 0:06:04]} Bxe2 {[%emt 0:04:36]} 26. Nxe2 {[%emt 0:00:06]} Rxd2 {[%emt 0:05:38]} 27. Qxd2 {[%emt 0:00:26]} Rd8 {[%emt 0:00:46]} 28. Qc1 {[%emt 0:00:09]} Rxd1+ {[%emt 0:00:28]} 29. Qxd1 {[%emt 0:00:04]} bxc3 {[%emt 0:00:18]} 30. bxc3 {[%emt 0:00:05]} Nf6 {[%emt 0:00:14]} 31. h4 {[%emt 0:02:09]} Nh5 {[%emt 0:00:53]} 32. Bh3 {[%emt 0:00:20]} Nef4 {[%emt 0:00:41]} 33. Bg4 {[%emt 0:00:06]} Nxe2+ {[%emt 0:07:19]} 34. Bxe2 {[%emt 0:00:16]} Nf4 {[%emt 0:00:10]} 35. h5 {[%emt 0:00:18]} Qa5 {[%emt 0:04:19]} 36. hxg6 {[%emt 0:00:34]} fxg6 {[%emt 0:00:36]} 37. c4 {[%emt 0:01:40]} Qc7 {[%emt 0:01:55]} 38. Bg4 {[%emt 0:00:23]} c5 {[%emt 0:00:53]} 39. Qa4 {[%emt 0:00:28]} Qb7 {[%emt 0:01:08]} 40. Qb5 {[%emt 0:00:00]} Qxe4 {[%emt 0:00:00]} 41. Qxc5 {[%emt 0:02:32]} Qg2# {[%emt 0:00:55]} 0-1

[Event "35th European Club Cup 2019"]
[Site "Ulcinj"]
[Date "2019.11.10"]
[Round "1.14"]
[White "Ragger, Markus"]
[Black "Sukovic, Andrej"]
[Result "1-0"]
[WhiteElo "2669"]
[BlackElo "2254"]
[Annotator "TA"]
[PlyCount "71"]
[EventDate "2019.11.10"]
[EventType "team-tourn"]
[EventCountry "MNE"]
[SourceTitle "playchess.com"]
[Source "ChessBase"]
[SourceQuality "1"]
[WhiteTeam "Novy Bor"]
[BlackTeam "Buducnost"]

{[%evp 13,71,42,47,48,60,33,62,62,53,53,61,29,28,35,62,31,33,32,50,32,70,45,92,5,7,0,50,37,25,3,143,138,215,197,278,270,263,264,360,264,269,258,291,277,287,279,282,268,318,316,306,301,408,418,551,491,29992,29993,29994,29995]} 1. d4 Nf6 2. c4 g6 3. Nc3 Bg7 4. e4 d6 5. h3 O-O 6. Be3 e5 7. d5 a5 8. g4 {E71: King's Indian: 4 e4 d6 5 h3} Na6 9. Nge2 c6 10. Ng3 {White is slightly better.} cxd5 11. cxd5 Nc5 12. Be2 Bd7 13. h4 a4 14. g5 Ne8 15. h5 {[#]} Qa5 $146 ({Predecessor:} 15... Rc8) 16. Rc1 Rc8 17. Kf1 b5 18. hxg6 (18. Kg2 $16) 18... fxg6 $11 19. Bg4 $36 {[%mdl 2048] [#] And now Bxc5 would win. White is more active.} Qa7 20. Kg2 {Black must now prevent Nxb5!} Qb7 21. Rh4 (21. Bxd7 {seems wilder.} Qxd7 22. f3 Nc7 23. Bxc5 dxc5 24. Qg1) 21... b4 (21... Rf7 $11) 22. Bxd7 $16 Qxd7 {[#]} (22... Nxd7 $16 23. Nxa4 Rxc1 24. Qxc1 b3) 23. Nxa4 $1 $18 {[%mdl 512] Nb6 is the strong threat.} Nxa4 (23... Na6 $142 24. Rxc8 Qxc8) 24. Rxc8 {[%mdl 64] Overworked Piece} Qxc8 25. Qxa4 Qc4 26. Qd7 Qc7 27. Qg4 Qf7 28. Rh1 Nc7 29. Rc1 Nb5 30. Rc6 Kh8 31. Rb6 Nd4 32. Rxd6 Qc7 33. Qd7 Qc2 34. Qe7 Qxb2 (34... Qc5 $18 35. Rd7 Qxe7 36. Rxe7 Rd8) 35. Rd8 Kg8 36. Rd7 {Accuracy: White = 73%, Black = 32%.} 1-0

[Event "35th European Club Cup 2019"]
[Site "Ulcinj"]
[Date "2019.11.10"]
[Round "1.14"]
[White "Postny, Evgeny"]
[Black "Milanovic, Slavisa"]
[Result "1-0"]
[WhiteElo "2615"]
[BlackElo "2366"]
[Annotator "TA"]
[PlyCount "70"]
[EventDate "2019.11.10"]
[EventType "team-tourn"]
[EventCountry "MNE"]
[SourceTitle "playchess.com"]
[Source "ChessBase"]
[SourceQuality "1"]
[WhiteTeam "Beer Sheva"]
[BlackTeam "Rudar"]

{[%evp 21,70,49,52,49,50,54,44,35,37,43,43,39,74,47,77,78,83,87,124,90,102,75,126,96,97,87,72,80,87,84,80,73,74,81,77,72,146,154,216,216,208,211,221,208,749,723,1039,1017,914,858,1464]} 1. d4 e6 2. c4 Nf6 3. Nf3 Bb4+ 4. Nbd2 b6 5. a3 Bxd2+ 6. Qxd2 Bb7 7. e3 d6 8. Be2 O-O 9. O-O Nbd7 10. b4 Ne4 11. Qc2 f5 12. d5 {Threatens to win with Nd4. E14: Queen's Indian: Classical Variation (4 e3)} e5 13. Nd2 (13. Ne1 a5 14. f3 Ng5 15. Rb1 axb4 16. axb4 Qf6 17. Nd3 e4 18. fxe4 Nxe4 19. Bb2 Qe7 {½-½ (44) Esipenko,A (2616)-Gareyev,T (2560) Karlsruhe 2019}) 13... Nxd2 14. Bxd2 {White is slightly better.} c6 15. dxc6 Bxc6 16. f3 Rc8 17. Rfd1 Qe7 18. Be1 $146 ({Predecessor:} 18. Qb3 Qe6 19. Be1 e4 {½-½ (59) Koehler,R (2264)-Zuyev,I (2345) Germany 2013}) 18... h6 19. a4 d5 20. Rac1 Bb7 21. Qb3 Nf6 (21... Qe6 $142) 22. cxd5 {Strongly threatening d6+.} Rxc1 23. d6+ {[%mdl 64] [#] Discovered Attack} Qf7 24. Qxf7+ Kxf7 25. Rxc1 {Rc7+ is the strong threat.} Ke6 26. Rc7 $36 {[%mdl 2112] Double Attack. White has strong initiative.} Rf7 27. Bc3 Rxc7 28. dxc7 $16 {[%mdl 4096] Endgame KBB-KBN} Ne8 {[#]} ({Black should play} 28... Kd6) 29. f4 $1 Nxc7 (29... exf4 $16 {might work better.} 30. exf4 Nxc7) 30. Bxe5 $18 Nd5 31. Bxg7 Nxe3 32. Bxh6 Nxg2 $2 (32... Nd5 33. Bf3 Bc8) 33. Kf2 {White is clearly winning.} a5 34. bxa5 bxa5 35. Bg5 Kd5 {Accuracy: White = 94%, Black = 35%.} 1-0

[Event "35th European Club Cup 2019"]
[Site "Ulcinj"]
[Date "2019.11.10"]
[Round "1.15"]
[White "Djukic, Nikola"]
[Black "Sasikiran, Krishnan"]
[Result "1/2-1/2"]
[WhiteElo "2507"]
[BlackElo "2660"]
[Annotator "TA"]
[PlyCount "82"]
[EventDate "2019.11.10"]
[EventType "team-tourn"]
[EventCountry "MNE"]
[SourceTitle "playchess.com"]
[Source "ChessBase"]
[SourceQuality "1"]
[WhiteTeam "Buducnost"]
[BlackTeam "Novy Bor"]

{[%evp 15,82,37,36,23,48,2,0,8,2,4,7,0,0,0,0,0,0,0,0,0,0,0,0,0,0,0,0,0,0,0,0,0,0,0,0,0,0,0,0,0,0,0,0,0,0,0,0,0,0,0,0,0,0,0,0,0,0,0,0,0,0,0,0,0,0,0,0,0,0]} 1. e4 e5 2. Nf3 Nc6 3. Bb5 g6 ({Predecessor:} 3... a6 4. Ba4 d6 5. O-O Bd7 6. c3 Nf6 7. Re1 g6 8. d4 {½-½ (30) Gao,R (2417)-Wen,Y (2549) Beijing 2012}) 4. c3 a6 5. Ba4 d6 6. d4 Bd7 7. O-O Bg7 8. Re1 Nf6 9. Nbd2 $146 {C79: Ruy Lopez: Steinitz-type lines with 3...a6 4 Ba4 Nf6 5 0-0 d6} (9. d5 {is interesting.} Ne7 10. Bxd7+ Nxd7 11. c4 O-O 12. Nc3) (9. h3 O-O 10. Bc2 h6 11. Nbd2 Re8 12. Nf1 Nh5 13. Be3 Qf6 14. N1h2 Nf4 15. dxe5 Nxe5 16. Nxe5 Rxe5 {½-½ (55) Jones,G (2688)-Flores,D (2602) Khanty-Mansiysk 2019}) 9... O-O 10. Bxc6 Bxc6 {The position is equal.} 11. dxe5 dxe5 12. Nxe5 Bxe4 $1 13. Nxe4 Qxd1 {[%cal Rd1e1] [#]} 14. Nxf6+ Bxf6 {[%cal Rd1e1]} 15. Rxd1 Bxe5 16. Be3 Rfd8 17. g3 f5 18. Kg2 Kf7 19. Kf3 Bf6 20. h4 Rxd1 21. Rxd1 Rd8 22. Rxd8 Bxd8 $11 {[%mdl 4096] Endgame KB-KB} 23. Bg5 Bf6 24. Bxf6 Kxf6 {KP-KP} 25. Kf4 b5 26. b3 a5 27. Ke3 {aiming for Kd4.} Ke5 28. f4+ Kd5 29. Kd3 Kc5 30. a3 a4 31. bxa4 bxa4 32. c4 Kd6 33. Kc3 c5 34. Kd3 Ke6 35. Ke3 Kf6 36. Kf3 Kg7 37. Kg2 Kh6 38. Kh2 $1 Kh5 39. Kh3 Kh6 $1 {[%cal Rh6h5] [#] Strongly threatening ...Kh5.} 40. Kh2 Kg7 (40... Kh5 $5 41. Kh3 $8 Kh6 $11) 41. Kg2 h5 {Accuracy: White = 88%, Black = 90%.} 1/2-1/2

[Event "35th European Club Cup 2019"]
[Site "Ulcinj"]
[Date "2019.11.10"]
[Round "1.15"]
[White "Raicevic, Momcilo"]
[Black "Roiz, Michael"]
[Result "1/2-1/2"]
[WhiteElo "2331"]
[BlackElo "2602"]
[Annotator "TA"]
[PlyCount "117"]
[EventDate "2019.11.10"]
[EventType "team-tourn"]
[EventCountry "MNE"]
[SourceTitle "playchess.com"]
[Source "ChessBase"]
[SourceQuality "1"]
[WhiteTeam "Rudar"]
[BlackTeam "Beer Sheva"]

{[%evp 9,117,0,0,0,-13,0,0,0,23,-10,4,0,5,7,12,7,4,0,0,0,0,-5,-7,-10,-8,-15,0,-15,-13,-14,-13,-16,-20,-25,-13,-15,-22,-22,-8,-15,0,-6,-5,-14,-8,-15,-13,-13,0,0,0,-9,0,-9,-9,-5,-4,-10,0,-2,0,-12,-4,-9,-8,-5,0,-9,0,-8,0,0,10,0,0,0,0,0,0,0,0,0,0,0,0,0,0,0,0,0,0,0,0,0,0,0,0,0,0,0,0,0,0,0,0,0,0,11,25,0]} 1. c4 e6 2. Nf3 d5 3. b3 d4 4. g3 Nc6 5. Bg2 e5 6. O-O {A13: English Opening: 1...e6} Nf6 7. d3 a5 8. e3 {The position is equal.} Bc5 $146 ({Predecessor:} 8... Be7 9. exd4 exd4 10. Na3 O-O 11. Nc2 Bf5 12. Re1 Qd7 {0-1 (50) Burmakin,V (2581)-Carlsen,M (2710) Tromsoe 2007}) 9. Ba3 (9. exd4 {seems wilder.} Nxd4 10. Nxe5 O-O 11. Kh1 Re8 12. f4) 9... Qe7 10. Bxc5 Qxc5 11. exd4 Nxd4 12. Nxd4 Qxd4 13. Na3 O-O 14. Nb5 Qb6 15. Qe2 c6 16. Nd6 Qd4 17. Nxc8 Raxc8 18. Rfe1 Rfe8 19. Rab1 Nd7 20. Bh3 Rcd8 21. b4 axb4 {next ...Nc5 is good for Black.} 22. Bxd7 $1 Rxd7 23. Rxb4 g6 24. Rb3 Ree7 (24... f5 {is interesting.} 25. Reb1 Qa7 26. d4 Qxd4 27. Rxb7 Rxb7 28. Rxb7 e4) 25. Qe3 Qxe3 (25... Qd6 {with more complications.} 26. a4 f5 27. a5 f4 28. Qe4 Qc5) 26. Rxe3 $11 {[%mdl 4096] Endgame KRR-KRR} Kf8 27. Kg2 Ke8 28. a4 Rd8 29. Re2 Ra8 30. Ra2 Ra5 31. Kf3 Kd8 32. Ke3 Kc8 33. f3 Kc7 34. Rab2 Kc8 35. Ra2 f5 36. Rb1 Kc7 37. Rab2 Kb8 38. Ra2 Ka7 39. Rb3 b6 40. Rb1 Re6 41. h4 f4+ 42. Kf2 fxg3+ 43. Kxg3 Rd6 44. Rb3 Kb7 45. Rab2 c5 46. Ra2 Kc7 47. Kg4 h6 48. Rba3 Rf6 49. Re2 Rf5 50. Re4 h5+ 51. Kg3 g5 52. Ra1 Ra8 53. hxg5 Rxg5+ 54. Kf2 Rf5 55. Rh4 Kb7 56. Rah1 Rh8 57. Ke3 Rg5 58. Ke4 Ka6 59. Rb1 {Accuracy: White = 63%, Black = 56%.} 1/2-1/2

[Event "35th European Club Cup 2019"]
[Site "Ulcinj"]
[Date "2019.11.10"]
[Round "1.16"]
[White "Bartel, Mateusz"]
[Black "Alivodic, Dario"]
[Result "1-0"]
[WhiteElo "2636"]
[BlackElo "2082"]
[Annotator "TA"]
[PlyCount "53"]
[EventDate "2019.11.10"]
[EventType "team-tourn"]
[EventCountry "MNE"]
[SourceTitle "playchess.com"]
[Source "ChessBase"]
[SourceQuality "1"]
[WhiteTeam "Novy Bor"]
[BlackTeam "Buducnost"]

{[%evp 9,53,55,53,53,53,57,52,57,66,55,59,39,39,50,104,97,156,130,220,226,180,67,70,85,75,70,161,33,135,86,337,379,418,420,393,403,835,834,1009,1000,1664,1100,29991,29990,29995,29996]} 1. c4 e5 2. Nc3 Nf6 3. Nf3 e4 4. Ng5 b5 5. d3 exd3 6. cxb5 {A22: English Opening: 1...e5 2 Nc3 Nf6} ({Much weaker is} 6. Qxd3 bxc4 7. Qxc4 d5 $11) 6... a6 7. e4 $146 ({Predecessor:} 7. bxa6 dxe2 8. Bxe2 Bxa6 9. Qb3 d5 10. Bxa6 Rxa6 11. O-O Be7 12. Rd1 c6 13. Bf4 O-O 14. Qc2 Nh5 15. Qxh7# {1-0 (15) Milanovic,S (2369)-Alivodic,D (2098) Djenovici 2019}) 7... h6 8. Nf3 {White is slightly better.} axb5 9. Bxd3 b4 10. Nb5 c6 $1 {[%cal Rc6b5]} 11. Nbd4 Ba6 (11... d6 $14) 12. O-O g6 ({Better is} 12... Bxd3 13. Qxd3 Na6) 13. Re1 $16 Bg7 (13... Bxd3 $16 14. Qxd3 Bg7) 14. e5 $18 Nd5 15. e6 (15. Be4 $18) 15... dxe6 $14 {[#]} 16. Bxg6 $1 {[%mdl 512]} O-O (16... fxg6 17. Nxe6) 17. Bb1 $36 {[%mdl 2048] White has good play.} Nf6 ({Black should try} 17... Qd6 $14) 18. Qc2 (18. Bf4 $18) 18... Qc7 (18... Qd5 $14) 19. a3 Rc8 $2 {[%mdl 8192]} (19... Qd6 $16) 20. Ba2 $18 ({Stronger than} 20. axb4 Bd3 $11) 20... Nd5 {[#]} 21. Nxe6 $1 {[%mdl 512]} fxe6 22. Rxe6 bxa3 (22... Nd7 $142 23. Bxd5 cxd5 24. Re8+ Kf7 25. Qxc7 {[%mdl 64] Overworked Piece} Rxc7 26. Rxa8 bxa3 27. Rxa6 {[%mdl 64] Double Attack} axb2 28. Bxb2 Bxb2) 23. Bxh6 Bxh6 24. Rxh6 axb2 25. Re1 Qf7 26. Ng5 Re8 {[#]} 27. Rh8+ $1 {[%mdl 512] Accuracy: White = 73%, Black = 20%.} 1-0

[Event "35th European Club Cup 2019"]
[Site "Ulcinj"]
[Date "2019.11.10"]
[Round "1.16"]
[White "Huzman, Alexander"]
[Black "Rajkovic, Dusan"]
[Result "1-0"]
[WhiteElo "2577"]
[BlackElo "2258"]
[Annotator "TA"]
[PlyCount "111"]
[EventDate "2019.11.10"]
[EventType "team-tourn"]
[EventCountry "MNE"]
[SourceTitle "playchess.com"]
[Source "ChessBase"]
[SourceQuality "1"]
[WhiteTeam "Beer Sheva"]
[BlackTeam "Rudar"]

{[%evp 12,111,12,7,7,4,4,10,10,0,27,21,31,0,18,31,20,21,14,11,26,14,15,16,15,14,13,13,10,10,9,0,0,0,0,0,0,0,6,6,9,0,0,0,0,0,2,0,9,0,0,0,7,4,23,10,9,9,15,9,23,27,27,13,17,16,24,28,28,26,30,26,36,23,83,59,76,54,61,40,140,140,145,145,145,147,120,120,254,252,252,252,580,580,580,580,576,576,5638,5638,5181,5101]} 1. c4 Nf6 2. d4 e6 3. g3 d5 4. Bg2 Bb4+ 5. Bd2 Be7 6. Nf3 c6 7. Qc2 b6 {E11: Bogo-Indian} 8. O-O Bb7 9. Bf4 Nbd7 {The position is equal.} 10. Rd1 Nh5 11. Bc1 Nhf6 12. Ne5 $146 ({Predecessor:} 12. Nc3 O-O 13. b3 Ba6 14. Rb1 Rc8 15. e4 dxc4 16. b4 Bb7 17. a4 a5 18. bxa5 b5 19. axb5 Qxa5 20. b6 Bb4 21. Bd2 {1-0 (45) Paravyan,D (2605)-Zhao,C (2379) Qingdao 2019}) 12... Nxe5 13. dxe5 Nd7 14. cxd5 cxd5 15. e4 {[%cal Re4d5]} Qc8 16. Qxc8+ Rxc8 17. exd5 Bxd5 18. Bxd5 exd5 19. Nc3 Nxe5 20. Nxd5 f6 21. Bd2 Kf7 22. Bc3 Rhe8 23. Kg2 Bf8 24. h3 Rc6 25. Ne3 Nc4 26. Nf5 Nd6 27. Nd4 Rc4 28. Rac1 Rec8 29. Ne2 R4c7 30. Rd5 Ne4 31. Rcd1 Be7 32. R1d4 Nc5 33. g4 Ne6 34. Rd1 Rd8 35. Rxd8 Bxd8 36. f4 {[#] And now f5 would win.} Be7 37. Kf3 g6 38. Rd5 Bc5 39. Ng3 Be7 40. f5 Nc5 41. Bd4 Ke8 42. h4 gxf5 (42... Nd3 $11 {keeps the balance.}) 43. Rxf5 Rd7 44. Bxc5 ({But not} 44. Bxf6 Rd3+ 45. Kf4 Bd6+ 46. Be5 Ne6+ 47. Ke4 Nc5+ 48. Kf4 Ne6+ 49. Ke4 Nc5+ 50. Kf4 $11) 44... bxc5 $16 {[%mdl 4096] Endgame KRB-KRN} 45. Ne4 c4 (45... Rd1 $14) 46. Nxf6+ Bxf6 47. Rxf6 {KR-KR} Rb7 48. Re6+ Kf7 49. Re2 h5 (49... c3 $16 50. bxc3 Rc7) 50. gxh5 $18 Rb4 51. Ke3 c3 $2 {[#]} (51... Ra4 {is tougher.} 52. Rf2+ Kg7) 52. bxc3 {[%cal Bb2c3,Bc3c4,Bc4c5][%mdl 32] White is clearly winning.} Rxh4 53. Kd3 Rxh5 54. c4 a5 55. Kd4 Rh1 56. c5 {Accuracy: White = 68%, Black = 45%.} 1-0

[Event "35th European Club Cup 2019"]
[Site "Ulcinj"]
[Date "2019.11.10"]
[Round "1.17"]
[White "Bujisic, Vlastimir"]
[Black "Mikhalevski, Victor"]
[Result "0-1"]
[WhiteElo "2192"]
[BlackElo "2570"]
[Annotator "TA"]
[PlyCount "50"]
[EventDate "2019.11.10"]
[EventType "team-tourn"]
[EventCountry "MNE"]
[SourceTitle "playchess.com"]
[Source "ChessBase"]
[SourceQuality "1"]
[WhiteTeam "Rudar"]
[BlackTeam "Beer Sheva"]

{[%evp 18,50,15,14,15,15,15,-13,27,22,21,15,19,15,22,0,0,1,6,0,65,65,121,17,36,31,20,-183,-170,-211,690,18,30,-59,718]} 1. e4 c5 2. Nf3 d6 3. d4 cxd4 4. Nxd4 Nf6 5. Nc3 g6 6. Be2 Bg7 7. O-O O-O 8. Be3 Nc6 9. Kh1 Nxd4 10. Bxd4 e5 {B73: Sicilian Dragon: Classical System without 9 Nb3} 11. Be3 Be6 12. Bf3 Rc8 {The position is equal.} (12... b5 $5) 13. Qd2 Qa5 14. a3 $146 ({Predecessor:} 14. Rfd1 Rfe8 15. Nd5 Qxd2 16. Nxf6+ Bxf6 17. Rxd2 Rc6 18. Be2 {0-1 (44) Soozankar,A (2240)-Bartel,M (2627) Dubai 2015}) 14... Rc4 15. Rfd1 Rd8 16. Nd5 Qxd2 17. Nxf6+ Bxf6 18. Rxd2 Be7 (18... a6 $11) 19. Bxa7 $14 f5 (19... Bg5 $14 20. Be3 Bxe3 21. fxe3 h5) 20. b3 (20. exf5 $16 gxf5 21. g3) 20... Rc3 $1 $11 {...f4 is the strong threat.} 21. exf5 gxf5 22. Bd1 $2 {[#]} (22. Re1 $11 {and White is okay.}) 22... Ra8 $1 $19 {[%cal Ra8a7][%mdl 1024] Black has strong compensation.} 23. Bb6 Rd8 $4 {[%mdl 8192]} (23... Ra6 $19 24. Be3 f4 25. Bxf4 exf4) 24. Bf3 $2 (24. Bxd8 $18 Bf8 25. Bh5) 24... Ra8 25. Kg1 (25. Be3 $11) 25... Rd8 $2 {[%mdl 40960] Accuracy: White = 15%, Black = 38%. . Loss on time!?} (25... Ra6 $15 26. Be3 f4 27. Bxf4 exf4) 0-1